000 00664nas a2200229 4500
001 BR8202402
003 BR-BrBNA
005 20231205085142.0
007 ta
008 230509b bl.|||p| |||| 00| 00por d
040 _aBR-BrBNA
_bpor
_cBiblioteca Nacional de Agricultura
041 _a(Pt)
072 _aP00
100 1 _aMarques, M.I.B.
100 1 _aMenegheti, J.O.
245 1 _aPortaria de caca: um instrumento para conservacao da fauna
650 _aFAUNA
650 _aCONSERVACAO
773 0 _tNatureza em Revista (Brazil)
_xISSN 0100-4700
_g(1982), (no. 9) p. 14-20
_wBR8202402
909 _a202311
_bLúcia
_c55
_dLúcia Elande
942 _2AGRIS
_n0
_cANA
999 _c109564
_d109564